Представление документа в формате RUSMARC

ПолеНазваниеЗначение
  Тип записи a
  Библиографический уровень c
001 Контрольный номер RU/ГПНТБ России/KNIGADB/84(2=411.2)6/С 30-009997403
005 Дата корректировки 20211217162022.1
010 Индекс ISBN __
a ISBN 978-5-699-97203-6
b Уточнения в пер.
9 Тираж 3000 экз.
d Цена 350-90
100 Данные общей обработки __
a Данные общей обработки 20210118d2017####m y0rusy508902 ca
101 Язык документа 0_
a Язык текста rus
102 Страна публикации __
a Страна публикации RU
105 Кодированные данные (монография) __
a Кодированные данные (монография) y z 000ay
181 Поле кодированных данных: вид содержания _0
a Код вида содержания (ISBD) i
182 Поле кодированных данных: тип средства _0
a Код типа средства (ISBD) n
200 Заглавие и сведения об ответственности 1_
a Заглавие Семнадцать о Семнадцатом
e Сведения, относящиеся к заглавию [сборник рассказов]
203 Вид содержания и тип средства __
a Вид содержания Текст
c Тип средства непосредственный
210 Выходные данные 1_
a Место издания Москва
c Издательство Э
d Дата издания 2017
215 Физическое описание __
a Объем 413 с.
d Формат 21 см
225 Серия 2_
a Серия 100-летию Октябрьской революции посвящаем
330 Аннотация __
a Аннотация Под этой обложкой собраны рассказы семнадцати русских писателей о Семнадцатом годе - не календарной дате, а великом историческом событии, значение которого до конца не осмыслено и спустя столетие. Что это было - Великая Катастрофа, Великая Победа? Или ничего еще не кончилось, а у революции действительно нет конца, как пели в советской песне? Известные писатели и авторы, находящиеся в начале своего творческого пути, рисуют собственный Октябрь - неожиданный, непохожий на других, но всегда яркий и интересный.
333 Примечание о целевом назначении __
a Примечание о целевом назначении 18+. Запрещено для детей
464 Аналитический уровень _0
1 2001
a Хрустальный мир
1 700 1
a Пелевин
b В. О.
g Виктор Олегович
4 070
464 Аналитический уровень _0
1 2001
a Священные кости контрреволюции
1 700 1
a Буйда
b Ю. В.
g Юрий Васильевич
4 070
464 Аналитический уровень _0
1 2001
a Статуя командора
1 700 1
a Славникова
b О. А.
g Ольга Александровна
4 070
464 Аналитический уровень _0
1 2001
a Мудрецы и поэты
1 700 1
a Мелихов
b А. М.
g Александр Мотелевич
4 070
464 Аналитический уровень _0
1 2001
a Живое сердце дракона
1 700 1
a Бочков
b В. Б.
g Валерий Борисович
4 070
464 Аналитический уровень _0
1 2001
a 19-17
1 700 1
a Ганиева
b А. А.
g Алиса Аркадьевна
4 070
464 Аналитический уровень _0
1 2001
a Выстрел в сердце
1 700 1
a Садулаев
b Г. У.
g Герман Умаралиевич
4 070
464 Аналитический уровень _0
1 2001
a О погоде за городом (Лето 1984 года)
1 700 1
a Гер
b Э. Э.
g Эргали Эргалиевич
4 070
464 Аналитический уровень _0
1 2001
a Революция
1 700 1
a Попов
b Е. А.
g Евгений Анатольевич
4 070
464 Аналитический уровень _0
1 2001
a Как мой дед взял Зимний
1 700 1
a Муравьева
b И. Л.
g Ирина Лазаревна
4 070
464 Аналитический уровень _0
1 2001
a День ревоюции (Нежность)
1 700 1
a Березин
b В. С.
g Владимир Сергеевич
4 070
464 Аналитический уровень _0
1 2001
a Deep communism time
1 700 1
a Брейнингер
g О. А.
b Ольга Александровна
4 070
464 Аналитический уровень _0
1 2001
a Гибель Надежды
1 700 1
a Погодина-Кузмина
b О. Л.
g Ольга Леонидовна
4 070
464 Аналитический уровень _0
1 2001
a Братское
1 700 1
a Диденко
b Г.
g Глеб
4 070
464 Аналитический уровень _0
1 2001
a Север
1 700 1
a Секисов
b А.
g Антон
4 070
464 Аналитический уровень _0
1 2001
a Ремни
1 700 1
a Беседин
b П. С.
g Платон Сергеевич
4 070
464 Аналитический уровень _0
1 2001
a Нина
1 700 1
a Панкевич
b М.
g Мария
4 070
517 Другие варианты заглавия 1_
a Другие варианты заглавия 17 о 17
532 Расширенное заглавие 10
a Расширенное заглавие Столетию Октябрьской революции посвящаем
606 Тематические рубрики __
a Основная рубрика Художественная литература
606 Тематические рубрики __
a Основная рубрика Современная русская литература (произведения)
610 Ключевые слова 0_
a Ключевые слова современная проза
610 Ключевые слова 0_
a Ключевые слова рассказы
610 Ключевые слова 0_
a Ключевые слова рассказы о войне
610 Ключевые слова 0_
a Ключевые слова Октябрьская революция
610 Ключевые слова 0_
a Ключевые слова октябрьский переворот
610 Ключевые слова 0_
a Ключевые слова Великая Октябрьская социалистическая революция
610 Ключевые слова 0_
a Ключевые слова Великий Октябрь
610 Ключевые слова 0_
a Ключевые слова образование СССР
610 Ключевые слова 0_
a Ключевые слова гражданские войны
610 Ключевые слова 0_
a Ключевые слова тема Октябрьской революции
610 Ключевые слова 0_
a Ключевые слова тема революции
610 Ключевые слова 0_
a Ключевые слова Гражданская война
610 Ключевые слова 0_
a Ключевые слова тема переворота
610 Ключевые слова 0_
a Ключевые слова тема Гражданской войны
686 Индексы других классификаций __
2 Код системы rubbks
a Классификационный индекс 84(2=411.2)6-4; ст84(2=411.2)6-4
801 Источник записи _0
b Организация ГПНТБ России
a Страна RU
c Дата составления 20210118
g Правила каталогизации PSBO
801 Источник записи _1
b Организация ГПНТБ России
a Страна RU
c Дата составления 20210118
g Правила каталогизации PSBO
852 Данные о местонахождении __
j Шифр хранения 84(2=411.2)6-4
i Авторский знак С 30
900 Макрообъекты __
a Макрообъекты Семнадцать о Семнадцатом, 2017
901 Тип документа __
a Ответственный КиК/Мамарузиева
t Тип документа x
903 Характеристики (МАРС) __
a Дата передачи 20210128
c Наименование библиотеки (МАРС) Муниципальное бюджетное учреждение культуры "Централизованная библиотечная система" г. Сургут (Центральная городская библиотека им. А. С. Пушкина)
990 Данные о заказе (DOS) __
j Количество экземпляров (DOS) 3
t N записи в КСУ для И/У (DOS) 202102